Journalism for All (Record no. 75)

000 -LEADER
fixed length control field 00210nam a22000737a 4500
003 - CONTROL NUMBER IDENTIFIER
control field Nust
005 - DATE AND TIME OF LATEST TRANSACTION
control field 20170321120442.0
008 - FIXED-LENGTH DATA ELEMENTS--GENERAL INFORMATION
fixed length control field 131220b xxu||||| |||| 00| 0 eng d
040 ## - CATALOGING SOURCE
Transcribing agency 0
082 ## - DEWEY DECIMAL CLASSIFICATION NUMBER
Classification number 070.4 MEH
100 ## - MAIN ENTRY--PERSONAL NAME
Personal name Dr. Mehndi Hasan
245 ## - TITLE STATEMENT
Title Journalism for All
Statement of responsibility, etc. Hasan,Dr.Mehndi
260 ## - PUBLICATION, DISTRIBUTION, ETC.
Place of publication, distribution, etc. Lahore
Name of publisher, distributor, etc. Aziz Book Depot
Date of publication, distribution, etc. 5,Jan,1997
300 ## - PHYSICAL DESCRIPTION
Extent 328 p.
500 ## - GENERAL NOTE
General note H.B
942 ## - ADDED ENTRY ELEMENTS (KOHA)
Source of classification or shelving scheme
Koha item type Book
Call number prefix 070.4 MEH
Holdings
Withdrawn status Lost status Source of classification or shelving scheme Damaged status Not for loan Permanent Location Current Location Date acquired Total Checkouts Full call number Barcode Date last seen Price effective from Koha item type
          Institute of Environmental Science and Engineering (IESE) Institute of Environmental Science and Engineering (IESE) 12/07/2016   070.4 IESE-2494 12/07/2016 12/07/2016 Book
© 2023 Central Library, National University of Sciences and Technology. All Rights Reserved.